000
00264nam a2200109Ia 4500
008
230907s9999||||xx |||||||||||||| ||und||
082
_a
658.15
_b
BLA
245
0
_a
Engineering economy /
260
_a
McGraw-Hill,
_b
Chennai :
_c
2017
300
_a
620 p.
942
_c
BK
999
_c
600267
_d
600267